| 000 -LEADER |
| fixed length control field |
00752cam a22002417i 4500 |
| 001 - CONTROL NUMBER |
| control field |
17215063 |
| 005 - DATE AND TIME OF LATEST TRANSACTION |
| control field |
20180302081848.0 |
| 008 - FIXED-LENGTH DATA ELEMENTS--GENERAL INFORMATION |
| fixed length control field |
120317s2007 kyua 000 0 eng |
| 010 ## - LIBRARY OF CONGRESS CONTROL NUMBER |
| LC control number |
2011410773 |
| 020 ## - INTERNATIONAL STANDARD BOOK NUMBER |
| International Standard Book Number |
9781583741740 |
| 040 ## - CATALOGING SOURCE |
| Original cataloging agency |
DLC |
| Language of cataloging |
eng |
| Description conventions |
rda |
| Transcribing agency |
DLC |
| 041 ## - LANGUAGE CODE |
| Language code of text/sound track or separate title |
eng |
| 042 ## - AUTHENTICATION CODE |
| Authentication code |
pcc |
| 080 ## - UNIVERSAL DECIMAL CLASSIFICATION NUMBER |
| Universal Decimal Classification number |
37 BLA |
| 082 ## - DEWEY DECIMAL CLASSIFICATION NUMBER |
| Classification number |
37 BLA |
| 100 1# - Rafti |
| Rafti |
25 |
| 101 ## - Shkurtesa |
| Shkurtesa |
EDU |
| 245 10 - TITLE STATEMENT |
| Title |
PASSPORT TO YOUR CAREER / |
| Statement of responsibility, etc |
Authors, Linda L. Blair, RN, BSN, MEd, Dean, Spencerian Colledge, Louisville, Kentucky and 2 others. |
| 504 ## - BIBLIOGRAPHY, ETC. NOTE |
| Bibliography, etc |
Includes bibliographical references (pages 117-118). |
| 906 ## - LOCAL DATA ELEMENT F, LDF (RLIN) |
| a |
7 |
| b |
cbc |
| c |
orignew |
| d |
4 |
| e |
ncip |
| f |
20 |
| g |
y-gencatlg |
| 942 ## - ADDED ENTRY ELEMENTS (KOHA) |
| Source of classification or shelving scheme |
|
| Item type |
Books |